000 00542nam a22001937a 4500
003 KOHA_MİRAKIL
005 20251221175255.0
008 251221b tu ||||| |||| 00| 0 tur d
020 _a9786051968162
040 _aTR-AnABB
_btur
_cTR-AnABB
041 _atur
082 _a306.3
_b AYD 2022
100 1 _aAydın, Rıfat,
245 1 0 _aTüketim sosyolojisi /
_cRıfat Aydın
260 _aİstanbul :
_bÇizgi Kitabevi Yayınları,
_c2022
300 _a232 sayfa ;
_c21 cm
650 0 4 _aTüketim sosyolojisi
942 _2ddc
_cBK
999 _c9896
_d9896
900 _bGizem YORULMAZ